Statistics for Questions of North America

Click here to take the quiz!

General Stats

  • This quiz has been taken 10 times
  • The average score is 8 of 10

Answer Stats

QuestionAnswer% Correct
What is the biggest country in north america?Canada
100%
What country in North America has the most borders?Honduras & Mexico
100%
What is the only country in North America that borders a country in South America?Panama
100%
How many countries does that country border?3
88%
What is the most populated country in North America?USA
88%
How many countries are there in North America?23
75%
What is the name of that mountain?Denali
75%
In what country is the tallest mountain in North America in?USA
75%
How many countries are there in Central america?7
63%
What is the smallest country in North America?St. Kitts & Nevis
63%

Score Distribution

Percentile by Number Answered

Percent of People with Each Score

Your Score History

You have not taken this quiz